[Event "14th HZ Open"]
[Site "Vlissingen NED"]
[Date "2010.08.12"]
[Round "7"]
[White "Grochal,J"]
[Black "Burg,H"]
[Result "1/2-1/2"]
[WhiteElo "2124"]
[BlackElo "1935"]

1.e4 c5 2.Nf3 e6 3.d4 cxd4 4.Nxd4 Nc6 5.Nc3 Qc7 6.Be2 a6 7.Be3 Nf6 8.O-O Bb4
9.Na4 O-O 10.Nxc6 bxc6 11.Nb6 Rb8 12.Nxc8 Rfxc8 13.Bxa6 Rf8 14.Bd3 Bd6 15.f4 e5
16.f5 Rxb2 17.g4 Qa5 18.Kh1 Bc5 19.Bc1 Rxa2 20.Rxa2 Qxa2 21.g5 Ne8 22.Qe2 Qa7
23.Bc4 Nd6 24.Bb3 Qb6 25.g6 Qb4 26.Re1 Qc3 27.Bd2 Qh3 28.Bg5 h6 29.Be7 Nxf5
30.exf5 Bxe7 31.Bxf7+ Kh8 32.Qxe5 Qf3+ 33.Kg1 Qg4+ 34.Kh1 Qf3+ 35.Kg1 Qg4+  1/2-1/2

[Event "Negroponte Open"]
[Site "Chalkis GRE"]
[Date "2010.08.13"]
[Round "5"]
[White "Tukhaev,A"]
[Black "Baghdasaryan,V"]
[Result "0-1"]
[WhiteElo "2518"]
[BlackElo "2229"]

1.e4 c5 2.Nf3 e6 3.d4 cxd4 4.Nxd4 Nc6 5.Nc3 Qc7 6.Be2 a6 7.O-O Nf6 8.Be3 Bb4
9.Na4 Be7 10.Nxc6 bxc6 11.Nb6 Rb8 12.Nxc8 Qxc8 13.Bd4 c5 14.Be5 Rb6 15.Qd3 d6
16.Bc3 O-O 17.b3 d5 18.exd5 Nxd5 19.Be5 f6 20.Bg3 Rd8 21.Qf3 a5 22.Bc4 Nb4
23.Qe2 Kh8 24.Rfe1 e5 25.a3 Nd5 26.f4 exf4 27.Bxd5 Bf8 28.Be6 Qc6 29.Qh5 g6
30.Qh4 g5 31.Qh5 fxg3 32.Qf7 Bg7 33.Bd5 Qxd5 34.Re8+ Rxe8 35.Qxd5 f5 36.Rf1 Bd4+
37.Kh1 Rh6 38.h3 Rhe6 39.b4 Re1 40.Qxf5 cxb4 41.axb4 axb4  0-1

[Event "49th WJun"]
[Site "Chotowa POL"]
[Date "2010.08.13"]
[Round "10"]
[White "Gora,Ja"]
[Black "Zysko,J"]
[Result "0-1"]
[WhiteElo "1848"]
[BlackElo "2210"]

1.e4 c5 2.Nf3 e6 3.d4 cxd4 4.Nxd4 Nc6 5.Nc3 Qc7 6.Be3 a6 7.Be2 Nf6 8.O-O Be7
9.Kh1 O-O 10.a4 d6 11.f4 Nxd4 12.Bxd4 e5 13.Be3 exf4 14.Bxf4 Be6 15.Nd5 Bxd5
16.exd5 Nd7 17.a5 Bf6 18.c3 g6 19.Bg4 Ne5 20.Bxe5 Bxe5 21.Qd3 f5 22.Be2 Qg7
23.Rf3  0-1

[Event "Twente Young Masters"]
[Site "Enschede NED"]
[Date "2010.08.13"]
[Round "7"]
[White "Maenhout,T"]
[Black "Iotov,V"]
[Result "0-1"]
[WhiteElo "2363"]
[BlackElo "2581"]

1.e4 c5 2.Nf3 e6 3.d4 cxd4 4.Nxd4 Nc6 5.Nc3 Qc7 6.Be3 a6 7.Qd2 Nf6 8.O-O-O Be7
9.f3 h5 10.h3 b5 11.Bd3 Ne5 12.Kb1 Bb7 13.g4 b4 14.Nce2 d5 15.g5 Nxe4 16.fxe4 dxe4
17.g6 Nxg6 18.Rhg1 exd3 19.cxd3 Qd7 20.Rxg6 fxg6 21.Nf4 O-O 22.Nxg6 e5 23.Nxe5 Qxh3
24.Ng6 Rf7 25.Nf4 Qd7 26.Nde6 Bd6 27.d4 Bxf4 28.Nxf4 Qf5+ 29.Ka1 b3 30.axb3 Re8
31.Nd3 Qe6 32.Bf4 Qxb3 33.Nc5 Qf3 34.Be5 Bd5 35.Nd3 Bc4  0-1

[Event "9th Mario Covas Jr"]
[Site "Santos BRA"]
[Date "2010.08.13"]
[Round "1"]
[White "Cubas,Jo"]
[Black "Coelho,L"]
[Result "1-0"]
[WhiteElo "2454"]
[BlackElo "2389"]

1.e4 c5 2.Nf3 Nc6 3.d4 cxd4 4.Nxd4 e6 5.Nc3 Qc7 6.Be3 a6 7.Bd3 Nf6 8.O-O Nxd4
9.Bxd4 Bc5 10.Bxc5 Qxc5 11.Na4 Qc7 12.c4 d6 13.Rc1 Bd7 14.c5 O-O 15.cxd6 Qxd6
16.Nc3 Bc6 17.Qe2 Rad8 18.Rfd1 Qe5 19.f3 Rd7 20.Qe3 Rfd8 21.Be2 g5 22.g3 Rxd1+
23.Rxd1 Rxd1+ 24.Bxd1 Nd7 25.Kf2 Qf6 26.Ke1 Ne5 27.Be2 Kg7 28.Kd2 h5 29.Kc2 h4
30.b4 hxg3 31.hxg3 Ng6 32.Qc5 Qe5 33.Qxe5+ Nxe5 34.Kd2 Kf6 35.Ke3 Ke7 36.Kd4 f6
37.a4 Kd6 38.b5 axb5 39.axb5 Be8 40.f4 Nd7 41.e5+ Ke7 42.exf6+ Nxf6 43.fxg5 Nh7
44.Ne4 Bg6 45.Nc5 b6 46.Na4 Kd6 47.Nxb6 e5+ 48.Ke3 Nxg5 49.Nc4+ Kc5 50.b6 Be4
51.Nxe5 Bb7 52.Nc4 Ne6 53.g4 Nd4 54.Na5 Nc2+ 55.Kd2 Nb4 56.Nxb7+ Kxb6 57.Bf3 Kc7
58.Kc3 Na6 59.Kc4 Kd7 60.Nc5+  1-0

[Event "Negroponte Open"]
[Site "Chalkis GRE"]
[Date "2010.08.14"]
[Round "6"]
[White "David,Alb"]
[Black "Bosiocic,Mari"]
[Result "1/2-1/2"]
[WhiteElo "2622"]
[BlackElo "2543"]

1.e4 c5 2.Nf3 e6 3.d4 cxd4 4.Nxd4 Nc6 5.Nc3 Qc7 6.Be2 a6 7.O-O Nf6 8.Be3 Be7
9.f4 d6 10.Qe1 O-O 11.Qg3 Nxd4 12.Bxd4 b5 13.a3 Bb7 14.Rae1 d5 15.exd5 Bc5
16.Bxc5 Qxc5+ 17.Qf2 Qxf2+ 18.Kxf2 Nxd5 19.Nxd5 Bxd5 20.Rd1 Rfd8 21.Rd2 Kf8
22.Rfd1 Ke7 23.Bf3 Rac8 24.c3 Rc5 25.Bxd5 Rcxd5 26.Rxd5 exd5 27.Rd3 Kd6 28.Rh3 h6
29.Re3 Rc8 30.f5 Rc5 31.Re8 d4 32.Rd8+ Ke7 33.Rxd4 Rxf5+  1/2-1/2

[Event "Negroponte Open"]
[Site "Chalkis GRE"]
[Date "2010.08.14"]
[Round "6"]
[White "Hess,Ro"]
[Black "Manakova,M"]
[Result "1-0"]
[WhiteElo "2588"]
[BlackElo "2306"]

1.e4 c5 2.Nf3 e6 3.d4 cxd4 4.Nxd4 Nc6 5.Nc3 Qc7 6.g3 a6 7.Bg2 Nge7 8.Nb3 Ng6
9.O-O Bb4 10.a3 Bxc3 11.bxc3 O-O 12.c4 Na5 13.Nxa5 Qxa5 14.Bd2 Qc7 15.Bb4 Re8
16.Qd4 e5 17.Bd6 Qc6 18.Qd5 b5 19.Qxc6 dxc6 20.c5 Nf8 21.a4 Ne6 22.c3 b4
23.cxb4 Nd4 24.Rad1 f6 25.Rxd4 exd4 26.Rd1 Be6 27.Rxd4 Bb3 28.a5 Bc2 29.f4 Ba4
30.Kf2 Ra7 31.g4 g5 32.Kg3 gxf4+ 33.Kxf4 Bb5 34.Bf3 Kf7 35.Bd1 Kg6 36.Bc2 Kg7
37.e5 Rf7 38.Bf5 fxe5+ 39.Bxe5+ Kg8 40.Rd6 Rfe7 41.Bf6 Rb7 42.Kg5 Rc7 43.Kh6 Bc4
44.h4 Bd5 45.h5 Be4 46.Bd7 Ra8 47.Be6+ Kf8 48.g5 Bd5 49.Bf5 Bg8 50.g6 hxg6
51.hxg6  1-0

[Event "Negroponte Open"]
[Site "Chalkis GRE"]
[Date "2010.08.14"]
[Round "6"]
[White "Ghaem Maghami,E"]
[Black "Baghdasaryan,V"]
[Result "1/2-1/2"]
[WhiteElo "2585"]
[BlackElo "2229"]

1.e4 c5 2.Nf3 e6 3.Nc3 Nc6 4.d4 cxd4 5.Nxd4 Qc7 6.Be2 a6 7.O-O Nf6 8.Kh1 Bb4
9.Bg5 Bxc3 10.Bxf6 gxf6 11.bxc3 b6 12.f4 Bb7 13.Bd3 Nxd4 14.cxd4 Qc3 15.d5 exd5
16.e5 O-O-O 17.Qe2 fxe5 18.fxe5 Rhe8 19.Bxa6 Rxe5 20.Qd3 Qxd3 21.Bxd3 d4
22.Rxf7 Rg8 23.Rf2 Reg5 24.Bf1 Ra5 25.Bc4 Rg4 26.Rd1 Rag5 27.Rdd2 Kc7 28.h3 Rg3
29.Kh2 Kd6 30.Bf1 Ke5 31.Rfe2+ Re3 32.c3 Rxe2 33.Rxe2+ Be4 34.cxd4+ Kxd4
35.Rd2+ Kc3 36.Rxd7 Ra5 37.Re7 Kd4 38.Rd7+ Kc3 39.Rc7+ Kd4 40.Rc4+ Ke3 41.a4 Rf5
42.Rc1 Kd2 43.Ra1 Bc6 44.Kg1 Rg5 45.Rb1 Bxa4 46.Rxb6 Bc2 47.Re6 Rg7 48.Re5 Kc3
49.Rc5+ Kd2 50.g4 Bb1 51.Re5 Kc3 52.Bg2 Kd4 53.Rd5+ Ke3 54.Kh2 Kf4 55.Rb5 Bc2
56.Rb4+ Ke5 57.Kg3 Re7 58.Rb6 Re6 59.Rb2 Bd3 60.Rb3 Rd6 61.Rb2 Bg6 62.Rb5+ Kf6
63.g5+ Ke6 64.Bf3 Rd3 65.Kf4 Rd4+ 66.Ke3 Rd3+ 67.Ke2 Ra3 68.Bg4+ Kd6 69.Kf2 Kc6
70.Re5 Kd6 71.Re6+ Kd5 72.Re1 Kd6 73.Re2 Ra5 74.Re6+ Kc7 75.h4 Ra4 76.Kf3 Ra3+
77.Re3 Rxe3+ 78.Kxe3 Kd6 79.Kf4 Ke7 80.Bf5 Kf7 81.Bxg6+ Kxg6 82.Kg4 h6 83.h5+ Kg7
84.g6 Kg8 85.Kf5 Kg7 86.Ke6 Kg8 87.Kd7 Kg7 88.Ke7 Kg8 89.Kf6 Kf8 90.Kf5 Kg7
91.Ke5 Kh8 92.Kf6 Kg8 93.g7 Kh7 94.Kf7  1/2-1/2

[Event "XI Miquel Mas Open"]
[Site "Figueres ESP"]
[Date "2010.08.14"]
[Round "4"]
[White "Lillo Castay,V"]
[Black "Balague Camps,M"]
[Result "1-0"]
[WhiteElo "2284"]
[BlackElo "1964"]

1.e4 c5 2.Nf3 e6 3.d4 cxd4 4.Nxd4 Nc6 5.Nc3 Qc7 6.f4 a6 7.Nxc6 Qxc6 8.Bd3 Bc5
9.Bd2 b5 10.Qg4 Bf8 11.e5 f5 12.Qh5+ g6 13.Qe2 Bb7 14.Rg1 Bc5 15.Be3 Bb4
16.Bd4 Qd5 17.Qf2 Ne7 18.a3 Nc6 19.axb4 Qxd4 20.Qxd4 Nxd4 21.Nb1 Kf7 22.c3 Nc6
23.Nd2 g5 24.g3 Rhg8 25.Kf2 gxf4 26.gxf4 Ne7 27.Be2 Rxg1 28.Rxg1 Rg8 29.Rxg8 Kxg8
30.Nb3 Kf8 31.Nc5 Bc8 32.Bf3 Ng6 33.Kg3 Ke7 34.Bh5 Nf8 35.Kh4 h6 36.Bf3 Ng6+
37.Kg3 d6 38.exd6+ Kxd6 39.Bh5 Ne7 40.Nd3 Nd5 41.Bf3 Bd7 42.Bxd5 Kxd5 43.Kf3 Be8
44.Ne5 Bh5+ 45.Ke3 Bd1 46.Nd7 Kc6 47.Nc5 a5 48.Nxe6 axb4 49.Nd4+ Kc5 50.Nxf5 bxc3
51.bxc3 h5 52.Nd4 Kc4 53.f5 h4 54.Kf4 b4 55.cxb4 Kxd4 56.h3 Be2 57.f6 Bc4
58.Kg5 Bf7 59.Kxh4 Kc4 60.Kg5 Kxb4 61.h4 Kc5 62.h5 Kd6 63.h6 Bg8 64.f7  1-0

[Event "XI Miquel Mas Open"]
[Site "Figueres ESP"]
[Date "2010.08.14"]
[Round "5"]
[White "Huerga Leache,M"]
[Black "Gomez,Gu"]
[Result "1-0"]
[WhiteElo "2424"]
[BlackElo "2142"]

1.e4 c5 2.Nf3 Nc6 3.d4 cxd4 4.Nxd4 e6 5.Nc3 a6 6.Be3 Nf6 7.f4 d6 8.Qf3 Qc7
9.O-O-O Be7 10.g4 O-O 11.g5 Nd7 12.Rg1 b5 13.Rg3 b4 14.Nce2 g6 15.f5 Nde5
16.Qf2 b3 17.axb3 Nb4 18.Nc3 Re8 19.Be2 exf5 20.exf5 d5 21.Rh3 Bd7 22.Qh4 h5
23.Bxh5 Bxf5 24.Bg4  1-0

[Event "SCCF State Championship"]
[Site "Los Angeles USA"]
[Date "2010.08.14"]
[Round "1"]
[White "Peters,Ja"]
[Black "Wang,Ph"]
[Result "0-1"]
[WhiteElo "2379"]
[BlackElo "2293"]

1.e4 c5 2.Nf3 Nc6 3.d4 cxd4 4.Nxd4 e6 5.Nc3 Qc7 6.g3 a6 7.Bg2 Nf6 8.O-O Nxd4
9.Qxd4 Bc5 10.Bf4 d6 11.Qd2 h6 12.Rad1 e5 13.Be3 Be6 14.Bxc5 dxc5 15.Nd5 Bxd5
16.exd5 Qd6 17.f4 O-O 18.fxe5 Qxe5 19.d6 Qxb2 20.Rb1 Qxa2 21.Rxb7 Rfd8 22.Re1 a5
23.Rc7 Rab8 24.Rxc5 a4 25.Qd3 Qb2 26.Rd1 Qb6 27.Qd4 a3 28.Bd5 Rxd6 29.Kg2 a2
30.Qc4 Nxd5 31.Rcxd5 Rxd5 32.Qxd5 Qb2 33.Rf1 a1=Q 34.Rxf7 Kh8  0-1

[Event "49th WJun"]
[Site "Chotowa POL"]
[Date "2010.08.15"]
[Round "12"]
[White "Duda,J"]
[Black "Swapnil,SD"]
[Result "1/2-1/2"]
[WhiteElo "2175"]
[BlackElo "2426"]

1.e4 c5 2.Nf3 e6 3.d4 cxd4 4.Nxd4 Nc6 5.Nc3 Qc7 6.Be2 a6 7.O-O Nf6 8.Be3 Bb4
9.Na4 O-O 10.Bd3 b5 11.Nxc6 dxc6 12.Bc5 Bxc5 13.Nxc5 Qe5 14.b4 a5 15.a3 Rd8
16.Rb1 Nd7 17.Nb3 a4 18.f4 Qc7 19.Nd2 e5 20.f5 c5 21.Bxb5 Qb6 22.Bc4 cxb4+
23.Kh1 Nf6 24.Rxb4 Qe3 25.Bd3 Ba6 26.Rf3 Qc5 27.Rxa4 Bb7 28.Rxa8 Bxa8 29.Qa1 Bc6
30.h3 Ra8 31.Qb2 Qxa3 32.Qxe5 Qc1+ 33.Nf1 Re8 34.Qf4 Qxf4 35.Rxf4 Nxe4 36.Kg1 g5
37.fxg6 hxg6 38.Bc4 Nd6 39.Rf6 Nxc4 40.Rxc6 Ne5 41.Rc5 Kg7 42.Kf2 Kf6 43.Ne3 Ke6
44.Ke2 Rd8 45.Rb5 f5 46.g3 Rd7 47.h4 Rc7 48.Rb6+ Kf7 49.Ra6 Rc8 50.Kd1 Rd8+
51.Kc1 Rd4 52.Ng2 Rg4 53.Ra3 Nc4 54.Rd3 Ke7 55.Nf4 Nd6 56.c3 Ne4 57.Ne2 g5
58.hxg5 Rxg5 59.Kb2 Rg8 60.Ka3 Kf6 61.Kb4 Ke5 62.Ka3 Ra8+ 63.Kb2 Rb8+ 64.Kc2 Rg8
65.Rf3 Rg7 66.Kd3 Rg8 67.Kc2  1/2-1/2

[Event "49th WJun"]
[Site "Chotowa POL"]
[Date "2010.08.15"]
[Round "12"]
[White "Hovhannisyan,R"]
[Black "Andersen,Mad"]
[Result "1-0"]
[WhiteElo "2529"]
[BlackElo "2382"]

1.e4 c5 2.Nf3 e6 3.d4 cxd4 4.Nxd4 Nc6 5.Nc3 Qc7 6.f4 a6 7.Nb3 b5 8.Bd3 Bb7
9.Be3 Nf6 10.O-O Na5 11.Nxa5 Qxa5 12.a3 Qc7 13.Kh1 h5 14.Qf3 Be7 15.Rae1 h4
16.Qh3 d6 17.Kg1 O-O-O 18.a4 b4 19.Nd5 Nxd5 20.exd5 Bxd5 21.Bxa6+ Bb7 22.Bxb7+ Kxb7
23.f5 e5 24.a5 d5 25.Bb6 Bc5+ 26.Kh1 Bxb6 27.axb6 Qd6 28.c3 f6 29.Ra1 Ra8
30.Rxa8 Rxa8 31.Qxh4 Kxb6 32.h3 Ra2 33.Qf2+ Qc5 34.Qg3 Rxb2 35.Qxg7 Qc6 36.cxb4 d4
37.Qg8 d3 38.Qb8+ Qb7 39.Qd8+ Kb5 40.Qxd3+ Kxb4 41.Rf2 Rb3 42.Qd6+ Ka4 43.Ra2+ Kb5
44.Qxf6 Kc4 45.Qe6+ Kd4 46.Qd6+ Ke3 47.Qxe5+  1-0

[Event "49th WJun"]
[Site "Chotowa POL"]
[Date "2010.08.15"]
[Round "12"]
[White "Swiercz,D"]
[Black "Volodin,Alek"]
[Result "1-0"]
[WhiteElo "2492"]
[BlackElo "2422"]

1.e4 c5 2.Nf3 e6 3.d4 cxd4 4.Nxd4 Nc6 5.Nc3 Qc7 6.Be2 Nf6 7.Be3 a6 8.O-O Bb4
9.Na4 O-O 10.c4 Bd6 11.g3 Nxe4 12.c5 Be5 13.Bf3 f5 14.Bxe4 fxe4 15.Rc1 Bf6
16.Nb6 Rb8 17.Nc4 Nb4 18.Bf4 e5 19.Nxe5 Bxe5 20.Qb3+ Kh8 21.Bxe5 Qxe5 22.Qxb4 d5
23.cxd6 Bh3 24.Rfe1 Rbd8 25.Rcd1 Rxd6 26.f3 a5 27.Qa3 Rdf6 28.Rxe4 Qd5 29.Ree1 h6
30.Ne6 Qc6 31.Nd4 Qb6 32.Qb3 Qc5 33.Qe3 a4 34.Rd2 Qb4 35.a3 Qb6 36.Qf2 Qc5
37.Re3 b6 38.Rc3 Qg5 39.Qe2 Qg6 40.Rd1 Re8 41.Re3 Rd8 42.Nb5 Rdf8 43.Nc3 Qh5
44.Rdd3 Qc5 45.Qf2 Qc6 46.Ne2 b5 47.Nc3 Bf5 48.Rd4 Bh3 49.Rdd3 Bf5 50.Rd4 Bh3
51.Rde4 Bf5 52.Rf4 g5 53.Rd4 Bh3 54.Rde4 Bf5 55.Re7 Bh3 56.Qc2 Bf5 57.Qe2 Bh3
58.Qd3 Bf5 59.Qd4 Qc4 60.Qxc4 bxc4 61.Re8 Bc2 62.Rxf8+ Rxf8 63.Re2 Bd3 64.Rf2 Ra8
65.h3 Kg7 66.f4 Kg6 67.Kg2 Ra6 68.g4 Ra8 69.Kg3 Re8 70.f5+ Kf6 71.Nxa4 Re3+
72.Kh2 h5 73.Nc3 Re5 74.Kg2 h4 75.Rd2 Kf7 76.Kf2 Re7 77.b4 Rb7 78.Rd1 Bc2
79.Rc1 Bb3 80.Ne4 Ra7 81.Ra1 Rd7 82.a4 Rd4 83.Nxg5+ Kf6 84.Nf3 Rd8 85.Ke3 Rd3+
86.Kf4 c3 87.g5+ Kg7 88.f6+ Kh7 89.Ke4 Bc2 90.Rc1 Rd2+ 91.Ke3 Rg2 92.a5  1-0

[Event "XI Miquel Mas Open"]
[Site "Figueres ESP"]
[Date "2010.08.15"]
[Round "6"]
[White "Vidal Zamora,A"]
[Black "Balague Camps,M"]
[Result "1-0"]
[WhiteElo "2150"]
[BlackElo "1964"]

1.e4 c5 2.Nf3 e6 3.d4 cxd4 4.Nxd4 Nc6 5.Nc3 Qc7 6.Be2 a6 7.O-O Nf6 8.Bg5 Bb4
9.Nxc6 bxc6 10.Qd4 c5 11.Qe3 Bb7 12.f3 c4 13.Kh1 Bc5 14.Qd2 Bd6 15.Qd4 h6
16.Bxf6 gxf6 17.Qxf6 Be5 18.Qh4 Bf4 19.Rfd1 Bg5 20.Qh5 O-O-O 21.Rd4 d5 22.exd5 exd5
23.f4 Kb8 24.Rad1 Bxf4 25.Nxd5 Qe5 26.Nxf4 Qxd4 27.Rxd4 Rxd4 28.Qe5+  1-0

[Event "e2e4 Autumn Challengers E"]
[Site "Uxbridge ENG"]
[Date "2010.08.15"]
[Round "8"]
[White "Garcia,Jas"]
[Black "Quinn,Joh"]
[Result "0-1"]
[WhiteElo "2008"]
[BlackElo "2143"]

1.e4 c5 2.Nf3 e6 3.d4 cxd4 4.Nxd4 Nc6 5.Nc3 Qc7 6.a3 a6 7.Be3 Nf6 8.Be2 Ne5
9.O-O h5 10.h3 b5 11.f4 Nc4 12.Bxc4 Qxc4 13.e5 Nd5 14.Nxd5 Qxd5 15.Qf3 Bb7
16.Qxd5 Bxd5 17.c3 Be7 18.Nc2 O-O 19.Bd4 f6 20.Ne3 Bc6 21.b4 Rf7 22.Bb6 Raf8
23.Bd4 Kh7 24.Bb6 fxe5 25.fxe5 Bh4 26.Rxf7 Rxf7 27.Rf1 Rxf1+ 28.Kxf1 Bg3
29.Bd4 Kg6 30.Kg1 Kg5 31.Kf1 Kf4 32.Nd1 Bd5 33.Nb2 Ke4 34.Ke2 Bb3 35.Kd2 Bf4+
36.Ke2 Bc1 37.Nd1 Bxd1+ 38.Kxd1 Bf4 39.Kc2 Bxe5 40.Bf2 d5 41.Kd2 Bf4+ 42.Kc2 Be3
43.Bg3 g6 44.Be1 e5 45.Bh4 d4 46.cxd4 exd4 47.g4 hxg4 48.hxg4 d3+ 49.Kd1 Kf4  0-1

[Event "Negroponte Open"]
[Site "Chalkis GRE"]
[Date "2010.08.16"]
[Round "8"]
[White "Michelakos,P"]
[Black "Botsari,A"]
[Result "1-0"]
[WhiteElo "1996"]
[BlackElo "2318"]

1.e4 c5 2.Nf3 e6 3.d4 cxd4 4.Nxd4 Nc6 5.Nc3 Qc7 6.Be3 a6 7.f4 b5 8.Bd3 Bb7
9.Qf3 Nf6 10.O-O-O Rc8 11.Kb1 h5 12.h3 h4 13.Rhe1 Bb4 14.Nxc6 Bxc6 15.Bd2 Be7
16.g4 hxg3 17.Ne2 d5 18.e5 Ne4 19.Nxg3 Nxd2+ 20.Rxd2 g6 21.Rf2 Qa5 22.Rd1 Rxh3
23.Bxg6 fxg6 24.Qg4 Rxg3 25.Qxg3 Kd7 26.Qxg6 Qb6 27.Rh2 d4 28.Rhd2 Bd5 29.Rxd4 Qc5
30.c3 Kc7 31.f5 Kb8 32.fxe6 Bf3 33.Re1 Bc6 34.Qg7 Rc7 35.Rf1 Bd5 36.Qg6 Qc6
37.Qg8+ Ka7 38.Rfd1 Bxe6 39.Qg3 b4 40.Rc1 Qa4 41.c4 Bc5 42.Rd8 Qc6 43.Qd3 Rf7
44.Ka1 a5 45.Qg6 Be3 46.Rd6 Qb7 47.Rxe6 Bxc1 48.Qg1+ Be3 49.Qxe3+ Kb8 50.Qg1 Qc7
51.Qb6+ Qxb6 52.Rxb6+ Kc7 53.Rf6 Re7 54.Rf5 a4 55.Kb1 Kc6 56.b3 Kc5 57.Kc2 Kd4
58.e6 Rxe6 59.Rd5+ Ke4 60.bxa4 Rh6 61.Kb3 Rh2 62.a5 Rh1 63.a6 Rb1+ 64.Kc2 Ra1
65.Kb2 Rh1 66.a7  1-0

[Event "Negroponte Open"]
[Site "Chalkis GRE"]
[Date "2010.08.16"]
[Round "8"]
[White "Mamedov,Nid"]
[Black "Makropoulou,M"]
[Result "1-0"]
[WhiteElo "2604"]
[BlackElo "2231"]

1.e4 c5 2.Nf3 e6 3.d4 cxd4 4.Nxd4 Nc6 5.Nc3 a6 6.Be3 Nf6 7.Qd2 Ng4 8.Bg5 Qc7
9.Nb3 Bd6 10.Be2 h6 11.Bxg4 hxg5 12.Qxg5 Be5 13.g3 Na5 14.Nxa5 Qxa5 15.Qd2 Qb4
16.O-O-O f5 17.Bf3 O-O 18.a3 Qa5 19.Rhf1 f4 20.Ne2 Qc7 21.Bg4 b5 22.Kb1 f3
23.Nd4 Bb7 24.Nxf3 Bxe4 25.Nxe5 Qxe5 26.Rfe1 Rac8 27.Ka1 b4 28.Qxd7  1-0

[Event "Negroponte Open"]
[Site "Chalkis GRE"]
[Date "2010.08.16"]
[Round "8"]
[White "Georgakopoulos,N"]
[Black "Bosiocic,Mari"]
[Result "0-1"]
[WhiteElo "2258"]
[BlackElo "2543"]

1.e4 c5 2.Nf3 e6 3.d4 cxd4 4.Nxd4 Nc6 5.Nc3 Qc7 6.Be3 a6 7.Qd2 Nf6 8.f3 Ne5
9.Bd3 Be7 10.f4 Nc4 11.Bxc4 Qxc4 12.Qd3 b5 13.a4 Qxd3 14.cxd3 b4 15.Nce2 O-O
16.h3 Bb7 17.Kd2 Ne8 18.Nb3 a5 19.Bc5 d6 20.Bb6 Ra6 21.Be3 f5 22.exf5 Bxg2
23.Rhg1 Bxh3 24.fxe6 Bxe6 25.Nbd4 Bd7 26.Rac1 Bd8 27.Nb5 h5 28.Ned4 Bf6 29.b3 h4
30.Nc7 Nxc7 31.Rxc7 Rf7 32.Nb5 Be6 33.Rxf7 Kxf7 34.Nd4 Bd5 35.Ke2 h3 36.Nf3 Bxb3
37.Ng5+ Ke7 38.Rc1 h2 39.Ne4 Bd5 40.Rh1 Rc6  0-1

[Event "XI Miquel Mas Open"]
[Site "Figueres ESP"]
[Date "2010.08.16"]
[Round "7"]
[White "Martinez Duany,L"]
[Black "Barria Zuniga,D"]
[Result "1/2-1/2"]
[WhiteElo "2510"]
[BlackElo "2419"]

1.e4 c5 2.Nf3 e6 3.Nc3 Nc6 4.d4 cxd4 5.Nxd4 Qc7 6.Be2 Nf6 7.O-O a6 8.a3 Nxd4
9.Qxd4 Bc5 10.Qd3 b5 11.Kh1 Bb7 12.f4 h5 13.Be3 Ng4 14.Bxc5 Qxc5 15.Rad1 O-O-O
16.Qd6 Qxd6 17.Rxd6 Kc7 18.Rd3 g6 19.h3 Nf6 20.e5 Ne4 21.Nxe4 Bxe4 22.Rd6 Bc6
23.Bf3 Rb8 24.Rfd1 Rhd8 25.R1d3 Bxf3 26.Rxf3 Rb6 27.Rfd3 Rxd6 28.Rxd6 a5
29.Kg1 f6 30.Rd4 fxe5 31.fxe5 Rf8 32.a4 bxa4 33.Rxa4 Kb6 34.Rd4 Kc7 35.b3 Rf5
36.Re4 Kc6 37.g4 Rf3  1/2-1/2

[Event "Negroponte Open"]
[Site "Chalkis GRE"]
[Date "2010.08.17"]
[Round "9"]
[White "Vaibhav,S"]
[Black "Panagiotopoulos,A"]
[Result "1-0"]
[WhiteElo "2419"]
[BlackElo "2180"]

1.e4 c5 2.Nf3 e6 3.d4 cxd4 4.Nxd4 Nc6 5.Nc3 Qc7 6.Be2 a6 7.O-O Nf6 8.Be3 Bb4
9.Na4 Be7 10.Nxc6 bxc6 11.Nb6 Rb8 12.Nxc8 Qxc8 13.Bd4 Qc7 14.e5 Nd5 15.c4 Nf4
16.g3 Nxe2+ 17.Qxe2 c5 18.Bc3 O-O 19.Rad1 d6 20.Rd3 Rbd8 21.Rfd1 dxe5 22.Qxe5 Qxe5
23.Bxe5 a5 24.b3 Rxd3 25.Rxd3 Rd8 26.Rxd8+ Bxd8 27.Kf1 f6 28.Bd6 Bb6 29.Ke2 Kf7
30.f4 Ke8 31.Kd3 Kd7 32.Bf8 g6 33.Kc2 h5 34.h3 Ke8 35.Bh6 Kd7 36.Kb2 Kc6
37.Bf8 Bd8 38.Kc3 Kb6 39.Kd3 Kc6 40.Ke4 Kb6 41.g4 hxg4 42.hxg4 Kc6 43.g5 fxg5
44.fxg5 Bxg5 45.Ke5 Be3 46.Kxe6 Bd4 47.Be7 Be3 48.Bf6 Bd2 49.Bd8 Bc3 50.Bg5 Be1
51.Kf7 Kd7 52.Kxg6 Ke6 53.Be3 Bb4 54.Kg7 a4 55.bxa4 Ke5 56.a3 Bxa3 57.a5 Kd6
58.Bg5 Kc7 59.Kf7 Bb4 60.Ke8 Kb7 61.Bd8 Ka6 62.Kd7 Ba3 63.Kc6 Bb4 64.Bb6 Ba3
65.Bxc5 Bc1 66.Bb6 Ba3 67.Kd7 Bb4 68.Bc7 Ba3 69.Bd6 Bb2 70.c5 Bc3 71.Bc7 Bd4
72.c6 Bc3 73.Bd8 Be5 74.Be7 Kxa5 75.Bd6  1-0

[Event "XI Miquel Mas Open"]
[Site "Figueres ESP"]
[Date "2010.08.17"]
[Round "8"]
[White "Vehi Bach,V"]
[Black "Balague Camps,M"]
[Result "1-0"]
[WhiteElo "2405"]
[BlackElo "1964"]

1.e4 c5 2.Nf3 e6 3.d4 cxd4 4.Nxd4 Nc6 5.Nc3 Qc7 6.Be3 a6 7.Qd2 Nf6 8.O-O-O Bb4
9.f3 Na5 10.Bf2 Bxc3 11.Qxc3 Qxc3 12.bxc3 d5 13.exd5 Nxd5 14.c4 Nc3 15.Re1 O-O
16.Nb3 Nc6 17.a3 b5 18.Kd2 bxc4 19.Kxc3 cxb3 20.cxb3 Ne7 21.Bc4 Rd8 22.Rd1 Bb7
23.Rxd8+ Rxd8 24.Kc2 Nd5 25.Rd1 Rc8 26.Kb2 Kf8 27.Bf1 g5 28.Bd4 f6 29.b4 Kf7
30.Kb3 Ne7 31.Bc5 Nd5 32.Rd2 h5 33.Be2 Rc7 34.Rc2 Nf4 35.Bf1 Nd5 36.a4 Bc8
37.b5 axb5 38.Bxb5 Rb7 39.Kc4 Rc7 40.Kb3 Rb7 41.Ka3 Rc7 42.Rc1 Bb7 43.a5 Rc8
44.Ka4 Ra8 45.Bb4 Ra7 46.Bc6 Ba6 47.Bc5 Rc7 48.Bb5 Bb7 49.a6 Ba8 50.Ka5 h4
51.Rc4 Nf4 52.g3 hxg3 53.hxg3 Nh5 54.Kb6 Rc8 55.Bd6 Rd8 56.Bc7 Rd1 57.Bc6 Rb1+
58.Kc5 Ra1 59.Bxa8 Rxa6 60.Bc6 Ra3 61.g4 Ng7 62.Kd4 Kg6 63.Rc3 Rxc3 64.Kxc3 f5
65.Be5 fxg4 66.fxg4 Nf5 67.Be4 Kh6 68.Bxf5 exf5 69.gxf5 g4 70.Kd3 Kg5 71.f6  1-0

[Event "Manhem Chess Week GM"]
[Site "Gothenburg SWE"]
[Date "2010.08.18"]
[Round "9"]
[White "Nithander,V"]
[Black "Tikkanen,H"]
[Result "1/2-1/2"]
[WhiteElo "2409"]
[BlackElo "2469"]

1.e4 c5 2.Nf3 e6 3.Nc3 Nc6 4.d4 cxd4 5.Nxd4 Qc7 6.Be2 Nf6 7.O-O a6 8.Be3 Be7
9.f4 d6 10.a4 O-O 11.Kh1 Re8 12.Bf3 Na5 13.Bg1 Bf8 14.Qe1 e5 15.Nde2 Be6
16.b3 g6 17.f5 Bd7 18.g4 d5 19.g5 dxe4 20.Bg2 Nh5 21.fxg6 hxg6 22.Nd5 Qxc2
23.Rc1 Qa2 24.Ng3 Nxg3+ 25.hxg3 Nxb3 26.Nf6+ Kg7 27.Qxe4 Bd6 28.Nh5+ Kg8
29.Nf6+ Kg7 30.Nh5+ Kg8 31.Rc2 Qxa4 32.Rc4 Qb5 33.Nf6+ Kg7 34.Nh5+ Kg8 35.Nf6+ Kg7
36.Nh5+  1/2-1/2

[Event "Pan-Armenian Olym"]
[Site "Yerevan ARM"]
[Date "2010.08.19"]
[Round "5"]
[White "Petrosian,DG"]
[Black "Minasyan,A"]
[Result "1-0"]
[WhiteElo "2492"]
[BlackElo "2216"]

1.e4 c5 2.Nf3 e6 3.Nc3 Nc6 4.d4 cxd4 5.Nxd4 Qc7 6.Be3 a6 7.Qd2 Nf6 8.O-O-O Bb4
9.f3 Ne7 10.Kb1 Bxc3 11.Qxc3 Qxc3 12.bxc3 d5 13.e5 Nd7 14.f4 b5 15.Bd3 Bb7
16.f5 Nxe5 17.fxe6 f6 18.Rhe1 Rc8 19.Bf4 Rxc3 20.Bxe5 fxe5 21.Rxe5 Rc7 22.g4 g6
23.Rf1 Rf8 24.Rf3 Nc6 25.Rxf8+ Kxf8 26.Rxd5 Nxd4 27.Rxd4 Ke7 28.a4 Bc6 29.axb5 Bxb5
30.Bxb5 axb5 31.Rd5 Rc3 32.Rd7+ Kxe6 33.Rxh7 Rc4 34.g5 Rg4 35.h4 Kd5 36.Kb2 Kc4
37.Rc7+ Kd5 38.Rh7 Kc4 39.Rh6 Kb4 40.Rxg6 Rxh4 41.Rg8 Rc4 42.g6 Rc6 43.g7 Rc7
44.c3+ Kc4 45.Kc2 b4 46.cxb4 Kxb4+ 47.Kd3 Kc5 48.Ke4 Kc6 49.Kf5 Kb7 50.Kg6 Rc6+
51.Kh7 Rc1 52.Rd8 Rh1+ 53.Kg8 Kc7 54.Rd4  1-0

[Event "85th ch-FRA w"]
[Site "Belfort FRA"]
[Date "2010.08.20"]
[Round "10"]
[White "Leconte,M"]
[Black "Guichard,P"]
[Result "1-0"]
[WhiteElo "2337"]
[BlackElo "2320"]

1.e4 c5 2.Nf3 e6 3.d4 cxd4 4.Nxd4 Nc6 5.Nc3 Qc7 6.Be3 a6 7.Be2 Nf6 8.O-O Bb4
9.Na4 Be7 10.Nxc6 bxc6 11.Bb6 Qb8 12.Bf3 e5 13.c4 d6 14.c5 O-O 15.cxd6 Bxd6
16.Rc1 Bd7 17.Be3 Be7 18.b3 Rd8 19.Bb6 Re8 20.h3 h6 21.Qd2 Qb7 22.Bc5 Bd8
23.Rfd1 Be6 24.Qc3 Nd7 25.Be3 Rc8 26.Rc2 Be7 27.Be2 c5 28.f3 Red8 29.Bc4 Bxc4
30.Qxc4 Nb6 31.Rxd8+ Rxd8 32.Nxb6 Rd1+ 33.Kh2 Qxb6 34.Bxc5 Bxc5 35.Qxc5 Qf6
36.Qc8+ Rd8 37.Qf5 Qd6 38.Rc8 Rxc8 39.Qxc8+ Kh7 40.Qc4 Qf6 41.Kg1 Qb6+ 42.Kf1 f6
43.b4 Qd6 44.Ke2 Qb6 45.Qc5 Qb7 46.a4 Qf7 47.Qd5 Qc7 48.Kd2 Qb6 49.Qc5 Qd8+
50.Kc2 Qg8 51.Qd5 Qc8+ 52.Kb2 Qf8 53.Kb3 Qe7 54.b5 a5 55.Qc4 Qd6 56.Kc2 Qb6
57.Qc6 Qf2+ 58.Kb3 Qe3+ 59.Qc3 Qb6 60.Qd2 Qe6+ 61.Qd5 Qb6 62.Qd7 Qc5 63.Qd2 Qb6
64.h4 Kg6 65.Qd7 h5 66.Kc4 Kh6 67.Kd5 Qd4+ 68.Ke6 Qxa4 69.Kf7 Qa2+ 70.Kf8 Qa3+
71.Kg8 Qa2+ 72.Qf7  1-0

[Event "Pan-Armenian Olym"]
[Site "Yerevan ARM"]
[Date "2010.08.20"]
[Round "6"]
[White "Nakhapetiane,P"]
[Black "Kotanjian,T"]
[Result "1-0"]
[WhiteElo "2449"]
[BlackElo "2551"]

1.e4 c5 2.Nf3 Nc6 3.d4 cxd4 4.Nxd4 e6 5.Nc3 Qc7 6.Be3 a6 7.Qd2 Nf6 8.O-O-O Be7
9.f3 O-O 10.g4 b5 11.g5 Ne8 12.h4 Bb7 13.Nxc6 Bxc6 14.Ne2 Rc8 15.Nd4 Bb7
16.h5 Nd6 17.Rh3 f5 18.gxf6 Bxf6 19.Nb3 Nc4 20.Bxc4 bxc4 21.Nc5 c3 22.Qxd7 cxb2+
23.Kb1 Rcd8 24.Qxe6+ Kh8 25.Rhh1 Bc8 26.Qc4 h6 27.f4 Rxd1+ 28.Rxd1 Bg4 29.Rg1 Bxh5
30.e5 Bf7 31.Qxa6 Be7 32.Ne6 Qc3 33.Nxg7 Kh7 34.Nf5 Bd6 35.Nxd6 Qxe3 36.Rg7+ Kh8
37.Nxf7+ Kxg7 38.Qf6+  1-0